000 00814nam a2200265 a 4500
003 DO-SdBNP
005 20180327152027.0
008 090707s2009 000 spa d
020 _a9789945162868
040 _aBPMSU
_bspa
_cBPMSU
082 _aRD861.5
_bM665p
100 _4Manier, Ana
245 0 _aPoesías para mí /
_bAna Manier; ilustraciones Harald Jímenez Berroa
260 _aSanto Domingo:
_c2009.
_bBúho,
300 _a50 p. :
_bil.,
_c32 cm.
650 _aPOESÍA DOMINICANA
650 _aLITERATURA DOMINICANA
700 _4Jímenez Berroa, Harald
_eil.
930 1 _lReusar registro
_m
_8
_f
_p
_g
_h
930 1 _l
_m
_8
_f
_p
_g
942 _2ddc
_cBK
945 _aRemanejado para la BNPHU / 2018 VM
956 _a
_b
_c
_l
_h
956 _aVMATEO
_b10
_c20150416
_lBND01
_h00151
999 _c7662
_d7662